000 nam a22 7a 4500
999 _c129273
_d129273
008 190328b xxu||||| |||| 00| 0 eng d
020 _a0-89876-019-4
050 _aRC480.8. F35
245 _aFamily therapy:
_bfull length case studies
_c/ edited by Peggy Papp, M.S.W
260 _aNew York:
_bGardner Press,
_cc1977
300 _axi, 210p. ;
_c24cm.
650 _aFamily psychotherapy
_xcases, clinical reports, statistics
_945444
650 _aPsychotherapist and patient
_xcases, clinical reports, statistics
_945445
942 _2lcc
_cMONOGRAPH